000 00358 a2200145 4500
999 _c4336
_d4336
020 _a9780857632012
050 _aPN 6120 HAR 2013
100 _aHarrison, Paula
245 _aFaerie Tribe:
_bThe crystal mirror/
264 _aLondon:
_bNosy Crow,
_c2013
300 _a268p. :
500 _anovel
650 _aMagic - fiction
942 _2lcc
_cBK
_h6120
_iHAR
_kPN